<?xml version="1.0" encoding="UTF-8"?>
<marc:record xmlns:marc="http://www.loc.gov/MARC21/slim">
   <marc:leader>00000nam a2200000 a 4500</marc:leader>
   <marc:datafield ind1="1" ind2=" " tag="100">
      <marc:subfield code="a">Jessen, Søren</marc:subfield>
      <marc:subfield code="4">aut</marc:subfield>
      <marc:subfield code="e">Verfasser/-in</marc:subfield>
   </marc:datafield>
   <marc:datafield ind1="0" ind2="0" tag="245">
      <marc:subfield code="a">Sternschnuppen</marc:subfield>
   </marc:datafield>
   <marc:datafield ind1="0" ind2="0" tag="245">
      <marc:subfield code="b">oder Das Mädchen mit den grünen Augen</marc:subfield>
   </marc:datafield>
   <marc:datafield ind1="0" ind2="0" tag="245">
      <marc:subfield code="c">Jessen, Søren</marc:subfield>
   </marc:datafield>
   <marc:datafield ind1=" " ind2="1" tag="264">
      <marc:subfield code="a">München</marc:subfield>
      <marc:subfield code="b">Egmont Schneider</marc:subfield>
      <marc:subfield code="c">2006</marc:subfield>
   </marc:datafield>
   <marc:datafield ind1="1" ind2=" " tag="490">
      <marc:subfield code="a">Die Abenteuer-Kids</marc:subfield>
      <marc:subfield code="v">3</marc:subfield>
   </marc:datafield>
   <marc:datafield ind1="1" ind2=" " tag="520">
      <marc:subfield code="a">Die Abenteuer-Kids Jakob, Maya, Ziggy und Kim beobachten eines Abends, dass ein Meteorit auf der unbewohnten Kralleninsel einschlägt. Auf dem Weg dorthin treffen sie ein fremd aussehendes Mädchen, das sich Jamaziki nennt (aus den 2 Anfangsbuchstaben der Kindernamen gebildet), wunderschöne grüne Augen hat und sich ihnen anschließt. Leider gehen ihnen alle Taschenlampen aus und sie müssen nach Hause fahren. Auch in den nächsten Tagen fällt immer dort, wo Jamaziki hinkommt, der Strom aus, mal in der Stadt, mal auf der Insel. Auch der kleine selbstgebaute Roboter Bit verliert durch Jamaziki seine Kraft. Es dauert ein paar erfreulicherweise schulfreie, aber sehr ereignisreiche Tage, bis die Kids die Zusammenhänge erahnen und begreifen, dass Jamaziki mit dem Meteoriten gekommen ist und mit einem Feuerball aus dem Kraftwerk wieder von der Erde verschwindet. Die Ausstattung entspricht der der ersten beiden Bände, der Erzähler ist jedoch ein anderer. Ein fantastisches, spannendes Abenteuer für weltraumbegeisterte Leser.</marc:subfield>
   </marc:datafield>
   <marc:datafield ind1=" " ind2=" " tag="020">
      <marc:subfield code="a">9783505122309</marc:subfield>
      <marc:subfield code="9">9783505122309</marc:subfield>
   </marc:datafield>
   <marc:datafield ind1=" " ind2=" " tag="020">
      <marc:subfield code="a">3505122300</marc:subfield>
      <marc:subfield code="9">3505122300</marc:subfield>
   </marc:datafield>
   <marc:datafield ind1=" " ind2=" " tag="041">
      <marc:subfield code="a">ger</marc:subfield>
   </marc:datafield>
   <marc:datafield ind1="0" ind2=" " tag="490">
      <marc:subfield code="v">3</marc:subfield>
   </marc:datafield>
   <marc:datafield ind1=" " ind2=" " tag="338">
      <marc:subfield code="a">Band</marc:subfield>
   </marc:datafield>
   <marc:datafield ind1=" " ind2=" " tag="300">
      <marc:subfield code="a">119 S. : zahlr. Ill.</marc:subfield>
   </marc:datafield>
</marc:record>
